[Event "ICS rated bullet match"]
[Site "204.178.125.65"]
[Date "2000.11.21"]
[Round "?"]
[White "Hossa"]
[Black "Tralala"]
[Result "1-0"]
[WhiteElo "2629"]
[BlackElo "1997"]
[PlyCount "89"]
[EventDate "2000.??.??"]

1. e4 e6 2. Nf3 d5 3. exd5 exd5 4. Bb5+ c6 5. Bd3 Bd6 6. O-O Nf6 7. Re1+ Be6 8.
Nd4 O-O 9. Nxe6 fxe6 10. Rxe6 Qd7 11. Bf5 Qc7 12. g3 Nbd7 13. d4 Rae8 14. Bg5
h6 15. Rxe8 Rxe8 16. Bd2 h5 17. Bg5 h4 18. Bxh4 Ne4 19. Bh7+ Kxh7 20. Qh5+ Kg8
21. Qxe8+ Nf8 22. Nc3 Nxc3 23. bxc3 Qf7 24. Qxf7+ Kxf7 25. Re1 b5 26. f4 g6 27.
Rf1 Nd7 28. f5 gxf5 29. Rxf5+ Ke6 30. Rf1 c5 31. Re1+ Kf7 32. Rb1 a6 33. Rf1+
Ke6 34. Bd8 cxd4 35. cxd4 b4 36. Kg2 Bb8 37. Re1+ Kf5 38. Re7 Nf6 39. Rf7 Be5
40. dxe5 Ke4 41. Bxf6 Kd4 42. e6+ Kc4 43. e7 a5 44. e8=Q a4 45. Rc7# {
Tralala checkmated} 1-0

[Event "ICS rated blitz match"]
[Site "204.178.125.65"]
[Date "2000.11.21"]
[Round "?"]
[White "Resigner"]
[Black "Hossa"]
[Result "0-1"]
[WhiteElo "1961"]
[BlackElo "2525"]
[PlyCount "68"]
[EventDate "2000.??.??"]

1. e4 c5 2. c3 d5 3. exd5 Qxd5 4. d4 Nf6 5. Nf3 e6 6. Be2 Nc6 7. Be3 cxd4 8.
cxd4 Bb4+ 9. Nc3 Qa5 10. Qb3 Nd5 11. Bd2 O-O 12. Nxd5 Bxd2+ 13. Nxd2 exd5 14.
O-O Qxd2 15. Bf3 Nxd4 16. Qxd5 Qxb2 17. Rad1 Nxf3+ 18. Qxf3 Qxa2 19. h3 Re8 20.
Rc1 Qe2 21. Qf4 Bd7 22. Rc7 Re4 23. Qd6 Bc6 24. Rd1 Re6 25. Qd4 Rg6 26. Rxc6
Rxc6 27. Qd8+ Qe8 28. Qd5 Qe7 29. Qb5 Rb6 30. Qd3 Rb2 31. Qc3 Qe2 32. Rf1 a5
33. Qc5 a4 34. Rc1 g6 {Resigner resigns} 0-1

[Event "ICS rated blitz match"]
[Site "204.178.125.65"]
[Date "2000.11.21"]
[Round "?"]
[White "Hossa"]
[Black "ChesterX"]
[Result "0-1"]
[WhiteElo "2526"]
[BlackElo "2448"]
[PlyCount "110"]
[EventDate "2000.??.??"]

1. d4 d5 2. c4 dxc4 3. Nf3 Nf6 4. e3 Bg4 5. Bxc4 e6 6. Nc3 Nbd7 7. h3 Bh5 8. g4
Bg6 9. Nh4 c5 10. Nxg6 hxg6 11. d5 exd5 12. Nxd5 Bd6 13. Nxf6+ Qxf6 14. Qd5 Rb8
15. Bb5 a6 16. Bxd7+ Kxd7 17. Bd2 Qxb2 18. Qxf7+ Kc6 19. Rd1 Qf6 20. Qxf6 gxf6
21. h4 f5 22. gxf5 gxf5 23. Bc3 Rh5 24. Bf6 Rf8 25. Bg5 c4 26. Ke2 b5 27. Kf3
c3 28. Bf4 Bxf4 29. Kxf4 Rfh8 30. Ke5 Rxh4 31. Rxh4 Rxh4 32. Kxf5 Rh2 33. Rf1
c2 34. f3 b4 35. Ke4 Rd2 36. Rc1 a5 37. Rg1 Rd1 38. Rg8 Kb7 39. Rg7+ Kb6 40.
Rg6+ Kc7 41. Rg7+ Kd8 42. Rg8+ Ke7 43. Rg7+ Kf6 44. Rc7 c1=Q 45. Rxc1 Rxc1 46.
Kd3 a4 47. Kd2 Rc8 48. e4 b3 49. axb3 axb3 50. Kd3 b2 51. Ke3 b1=Q 52. e5+ Kf5
53. f4 Rc3+ 54. Kf2 Qb2+ 55. Kf1 Rc1# {Hossa checkmated} 0-1

[Event "ICS rated blitz match"]
[Site "204.178.125.65"]
[Date "2000.11.22"]
[Round "?"]
[White "gaudi"]
[Black "Hossa"]
[Result "0-1"]
[WhiteElo "2058"]
[BlackElo "2506"]
[PlyCount "44"]
[EventDate "2000.??.??"]

1. e4 d5 2. e5 c5 3. b3 Nc6 4. Bb2 Bf5 5. Bb5 d4 6. f4 Qd5 7. Nf3 Qe4+ 8. Kf2
O-O-O 9. Re1 Qxf4 10. Bxc6 bxc6 11. d3 Bg6 12. Nbd2 Nh6 13. Nc4 Qg4 14. e6 fxe6
15. Nce5 Qf5 16. Qd2 Rd5 17. Qa5 Rxe5 18. Rxe5 Ng4+ 19. Kf1 Nxe5 20. Qxc5 Nxf3
21. Qxc6+ Kb8 22. gxf3 Bh5 {gaudi resigns} 0-1

[Event "ICS rated blitz match"]
[Site "204.178.125.65"]
[Date "2000.11.22"]
[Round "?"]
[White "Hossa"]
[Black "cfd"]
[Result "1-0"]
[WhiteElo "2508"]
[BlackElo "2128"]
[PlyCount "51"]
[EventDate "2000.??.??"]

1. e4 e6 2. Nf3 d5 3. exd5 exd5 4. Bb5+ c6 5. Bd3 Bd6 6. O-O Nf6 7. Re1+ Be6 8.
Nd4 Qd7 9. Bf5 Ne4 10. Bxe6 fxe6 11. d3 c5 12. dxe4 cxd4 13. exd5 e5 14. f4 O-O
15. fxe5 Bc5 16. d6 Nc6 17. Nd2 d3+ 18. Kh1 Bf2 19. Re4 dxc2 20. Qxc2 Qf5 21.
Nf3 Rae8 22. d7 Re7 23. Qe2 Rxd7 24. Rf4 Qe6 25. Rxf8+ Kxf8 26. Qxf2 {
cfd resigns} 1-0

[Event "ICS rated bullet match"]
[Site "204.178.125.65"]
[Date "2000.11.22"]
[Round "?"]
[White "defender3450"]
[Black "Hossa"]
[Result "0-1"]
[WhiteElo "1921"]
[BlackElo "2630"]
[PlyCount "27"]
[EventDate "2000.??.??"]

1. e4 c5 2. Bc4 e6 3. Nc3 a6 4. a4 Nf6 5. e5 d5 6. exf6 dxc4 7. fxg7 Bxg7 8.
Qg4 Qd4 9. h3 Nc6 10. Nf3 Qxg4 11. hxg4 Nb4 12. Kd1 O-O 13. d3 cxd3 14. cxd3 {
defender3450 resigns} 0-1

[Event "ICS rated bullet match"]
[Site "204.178.125.65"]
[Date "2000.11.22"]
[Round "?"]
[White "Hossa"]
[Black "twixer"]
[Result "0-1"]
[WhiteElo "2631"]
[BlackElo "2510"]
[PlyCount "86"]
[EventDate "2000.??.??"]

1. e4 c6 2. d4 d5 3. Nd2 dxe4 4. Nxe4 Nd7 5. Bc4 Ngf6 6. Ng5 e6 7. Ne2 Nd5 8.
O-O h6 9. Nf3 Bd6 10. Bd2 O-O 11. Bd3 N7f6 12. c3 Bd7 13. Ne5 Bxe5 14. dxe5 Ng4
15. Qc2 Qc7 16. c4 Qxe5 17. Ng3 Nf4 18. Bb4 c5 19. Bc3 Qc7 20. Bh7+ Kh8 21.
Rfe1 f5 22. f3 Kxh7 23. fxg4 Ng6 24. gxf5 exf5 25. Rf1 Nh4 26. Qf2 Bc6 27. Qxc5
b6 28. Qd4 g5 29. Nh5 Bxg2 30. Nf6+ Rxf6 31. Qxf6 Bxf1 32. Rxf1 Qb7 33. Rf2 Re8
34. Bb4 Re4 35. Bc3 Rg4+ 36. Kf1 Qh1+ 37. Ke2 Qe4+ 38. Kf1 Qb1+ 39. Ke2 Qc2+
40. Kf1 Qd1+ 41. Be1 Qd3+ 42. Re2 Qh3+ 43. Kf2 Qf3# {Hossa checkmated} 0-1

[Event "ICS rated bullet match"]
[Site "204.178.125.65"]
[Date "2000.11.22"]
[Round "?"]
[White "twixer"]
[Black "Hossa"]
[Result "1-0"]
[WhiteElo "2531"]
[BlackElo "2610"]
[PlyCount "63"]
[EventDate "2000.??.??"]

1. e4 c6 2. d4 d5 3. e5 Bf5 4. Nf3 e6 5. Be2 Nd7 6. O-O h6 7. b3 c5 8. Bb5 Qc7
9. c4 O-O-O 10. cxd5 exd5 11. Nc3 Nb6 12. Be3 cxd4 13. Qxd4 Ne7 14. a4 Kb8 15.
a5 Nbc8 16. a6 Nc6 17. Qf4 g6 18. axb7 Qxb7 19. Rfc1 Nb4 20. Ra5 a6 21. Bxa6
Nxa6 22. Rb5 Nb4 23. Rxb7+ Kxb7 24. Nb5 Nc2 25. Nfd4 Nxe3 26. Qxe3 Bd7 27. Qc3
Bxb5 28. Qc7+ Ka8 29. Ra1+ Ba3 30. Rxa3+ Ba4 31. Rxa4+ Na7 32. Rxa7# {
Hossa checkmated} 1-0

[Event "ICS rated blitz match"]
[Site "204.178.125.65"]
[Date "2000.11.22"]
[Round "?"]
[White "Hossa"]
[Black "Foe-hammer"]
[Result "0-1"]
[WhiteElo "2514"]
[BlackElo "2714"]
[PlyCount "136"]
[EventDate "2000.??.??"]

1. e4 c5 2. Nf3 d6 3. d4 cxd4 4. Nxd4 Nf6 5. Nc3 a6 6. Be2 e5 7. Nb3 Be7 8. O-O
O-O 9. Kh1 Nc6 10. Be3 Be6 11. Re1 Na5 12. Nxa5 Qxa5 13. Qd2 Qc7 14. a3 b5 15.
f3 Rfd8 16. Nd5 Nxd5 17. exd5 Bf5 18. Bd3 Bxd3 19. Qxd3 Qc4 20. Qxc4 bxc4 21.
b3 cxb3 22. cxb3 Rdb8 23. b4 a5 24. Bd2 Rb5 25. Red1 axb4 26. Bxb4 Kf8 27. g4
Ke8 28. Kg2 Ra6 29. Rac1 Kd7 30. Rc2 Bg5 31. Kf2 Ra4 32. h3 Bd8 33. Rc6 Be7 34.
Rc4 g6 35. Rc2 f5 36. gxf5 gxf5 37. Ke2 f4 38. Rcc1 h6 39. Kf1 Ra7 40. Rd3 Rc7
41. Rxc7+ Kxc7 42. Rd1 Kd7 43. Ke2 Bd8 44. Rd3 Bb6 45. Be1 Bd4 46. a4 Rxd5 47.
Bd2 h5 48. Ra3 Bc5 49. Ra2 Ba7 50. a5 Rb5 51. a6 d5 52. Ra3 Rb1 53. h4 Kd6 54.
Ra5 Kc6 55. Bc3 e4 56. Be5 Rb3 57. fxe4 f3+ 58. Kd2 dxe4 59. Ra1 e3+ 60. Ke1
Rb4 61. Bf6 Rg4 62. Kf1 e2+ 63. Ke1 Be3 64. Rc1+ Kd5 65. Rd1+ Ke6 66. Rd6+ Kxd6
67. Be5+ Kxe5 68. a7 Rg1# {Hossa checkmated} 0-1

[Event "ICS rated bullet match"]
[Site "204.178.125.65"]
[Date "2000.11.22"]
[Round "?"]
[White "twixer"]
[Black "Hossa"]
[Result "1-0"]
[WhiteElo "2633"]
[BlackElo "2590"]
[PlyCount "145"]
[EventDate "2000.??.??"]

1. e4 c5 2. Nf3 d6 3. d4 cxd4 4. Nxd4 Nf6 5. Nc3 a6 6. Be3 Ng4 7. Bg5 h6 8. Bh4
g5 9. Bg3 Bg7 10. Be2 h5 11. Bxg4 Bxg4 12. f3 Bd7 13. Bf2 Nc6 14. O-O O-O 15.
Qd2 Qa5 16. Rad1 Rab8 17. Be3 Qb4 18. Nb3 Be6 19. Bxg5 Bxb3 20. cxb3 Qd4+ 21.
Qxd4 Bxd4+ 22. Rxd4 Nxd4 23. Bxe7 Rfc8 24. Rd1 Ne6 25. Rd5 Rc6 26. Rxh5 Nf4 27.
Rg5+ Ng6 28. Nd5 Rc1+ 29. Kf2 Rc2+ 30. Kg3 Rbc8 31. Bxd6 Kh7 32. Rh5+ Kg7 33.
Bb4 b5 34. f4 Rh8 35. Rxh8 Nxh8 36. Bc3+ Kg8 37. Nb4 Rc1 38. Nxa6 Ng6 39. f5
Ne7 40. a4 Nc8 41. a5 Rg1 42. Nc5 Ne7 43. h4 Nc6 44. b4 Rh1 45. Kg4 Rg1 46. g3
Ra1 47. Kg5 Rg1 48. g4 Kh7 49. h5 Kg8 50. Nd7 Rg3 51. Kh6 Rg1 52. Bg7 f6 53.
Nxf6+ Kf7 54. g5 Ke7 55. g6 Kd8 56. Bf8 Ne5 57. g7 Nf7+ 58. Kh7 Ng5+ 59. Kh8
Nf7+ 60. Kg8 Ng5 61. h6 Rh1 62. h7 Nxh7 63. Nxh7 Kd7 64. Kh8 Rg1 65. Nf6+ Kc6
66. g8=Q Rh1+ 67. Bh6 Rxh6+ 68. Kg7 Rxf6 69. Qc8+ Kd6 70. Qc5+ Kd7 71. Kxf6 Kd8
72. Ke6 Ke8 73. Qc8# {Hossa checkmated} 1-0

[Event "ICS rated bullet match"]
[Site "204.178.125.65"]
[Date "2000.11.22"]
[Round "?"]
[White "Hossa"]
[Black "twixer"]
[Result "0-1"]
[WhiteElo "2576"]
[BlackElo "2647"]
[PlyCount "136"]
[EventDate "2000.??.??"]

1. e4 c6 2. d4 d5 3. e5 Bf5 4. Nf3 e6 5. Be2 c5 6. Be3 cxd4 7. Nxd4 Ne7 8. Bb5+
Nbc6 9. Bg5 Qc7 10. O-O a6 11. Nxf5 Nxf5 12. Bxc6+ bxc6 13. Re1 Qb6 14. b3 Bc5
15. Qd2 h6 16. Bf4 g5 17. Bg3 Qb4 18. c3 Qg4 19. Qd3 h5 20. b4 Ba7 21. Kh1 Bb6
22. h3 h4 23. Bh2 Bxf2 24. Qe2 Qxe2 25. Rxe2 Ng3+ 26. Bxg3 hxg3 27. Nd2 g4 28.
Nb3 gxh3 29. gxh3 Rxh3+ 30. Kg2 Rh2+ 31. Kf3 Kd7 32. Rf1 Rg8 33. Rd1 Rg6 34. c4
f5 35. a3 g2 36. Rxf2 Rh3+ 37. Ke2 Rh1 38. Nc5+ Ke7 39. cxd5 cxd5 40. Nxa6 Rxd1
41. Rxg2 Rxg2+ 42. Kxd1 Ra2 43. Nb8 Rxa3 44. Kc2 f4 45. Nc6+ Kd7 46. b5 Ra2+
47. Kd1 Rb2 48. Nb8+ Kc7 49. Nc6 Rxb5 50. Nd4 Rb1+ 51. Ke2 Kd7 52. Kf2 Rb2+ 53.
Kf3 Rb4 54. Ne2 Re4 55. Nc1 Kc6 56. Kg4 d4 57. Nd3 Kd5 58. Nf2 Rxe5 59. Kf3 d3
60. Kg4 d2 61. Kf3 Re3+ 62. Kxf4 Re1 63. Nh3 d1=Q 64. Nf2 Qd4+ 65. Kg3 Qe3+ 66.
Kh4 Qf4+ 67. Kh3 Rg1 68. Nd3 Qg3# {Hossa checkmated} 0-1

[Event "ICS rated bullet match"]
[Site "204.178.125.65"]
[Date "2000.11.22"]
[Round "?"]
[White "twixer"]
[Black "Hossa"]
[Result "1-0"]
[WhiteElo "2660"]
[BlackElo "2563"]
[PlyCount "115"]
[EventDate "2000.??.??"]

1. e4 c6 2. d4 d5 3. e5 Bf5 4. Nf3 e6 5. Be2 c5 6. O-O Nc6 7. c3 cxd4 8. cxd4
Bb4 9. a3 Qa5 10. Bd2 Bxd2 11. Qxd2 Qxd2 12. Nbxd2 Nge7 13. b4 Ng6 14. Bb5 a6
15. Bxc6+ bxc6 16. Rac1 a5 17. Rxc6 axb4 18. axb4 Kd7 19. Rd6+ Ke8 20. g3 Bd3
21. Rc1 Rb8 22. Kh1 Ne7 23. Rc7 Bb5 24. Ng5 h6 25. Nxe6 fxe6 26. Rxe6 Bd7 27.
Ra6 Rf8 28. f4 Bc8 29. Ra4 Kd8 30. Raa7 Nf5 31. Rc5 Be6 32. Nf3 Rf7 33. Ra6 Re7
34. g4 Ne3 35. f5 Bc8 36. Rd6+ Rd7 37. Rdc6 Bb7 38. Rg6 Ra8 39. h3 Ra2 40. f6
gxf6 41. exf6 Rh7 42. Rg7 Ra1+ 43. Ng1 Rh8 44. Rxb7 Ra8 45. Rcc7 Ra4 46. Re7
Kc8 47. f7 Nf1 48. Rec7+ Kd8 49. Rb8+ Kxc7 50. Rxh8 Ra2 51. Ne2 Rxe2 52. f8=Q
Ng3+ 53. Kg1 Re1+ 54. Kg2 Ne4 55. Qb8+ Kc6 56. b5+ Kd7 57. Rh7+ Ke6 58. Qe5# {
Hossa checkmated} 1-0

[Event "ICS rated bullet match"]
[Site "204.178.125.65"]
[Date "2000.11.22"]
[Round "?"]
[White "Hossa"]
[Black "twixer"]
[Result "1-0"]
[WhiteElo "2551"]
[BlackElo "2672"]
[PlyCount "159"]
[EventDate "2000.??.??"]

1. e4 c6 2. d4 d5 3. e5 Bf5 4. Nf3 e6 5. Be2 c5 6. O-O Ne7 7. dxc5 Nec6 8. Be3
Nd7 9. c4 Bxc5 10. cxd5 exd5 11. Nc3 Bxe3 12. fxe3 Be4 13. Nxd5 O-O 14. Nc3
Bxf3 15. Bxf3 Ndxe5 16. Bd5 Qg5 17. Qe2 Rac8 18. Qf2 Ng4 19. Bxf7+ Kh8 20. Qg3
Qxe3+ 21. Qxe3 Nxe3 22. Be6 Nxf1 23. Bxc8 Rxc8 24. Rxf1 Kg8 25. Nb5 Rd8 26. Nc3
Ne5 27. Re1 Re8 28. Re3 g6 29. Nb5 a6 30. Nc3 Kf7 31. Nd5 Re6 32. a4 Ng4 33.
Rf3+ Kg7 34. h3 Re5 35. Nf4 Ne3 36. Nd3 Re7 37. Kf2 Nc2 38. Nc5 Nd4 39. Rf4 Nc2
40. Ne4 Nb4 41. Nc5 Nc2 42. Rc4 Rf7+ 43. Kg1 Rf1+ 44. Kxf1 Ne3+ 45. Ke2 Nxc4
46. Nxb7 Nxb2 47. Nc5 Kf6 48. Kd2 Ke5 49. Kc3 Kd5 50. Kb4 a5+ 51. Kb5 h5 52. h4
Nc4 53. Nd3 Ne3 54. g3 Ke4 55. Nf4 Nf5 56. Kxa5 Nxg3 57. Nxg6 Kf5 58. Nf8 Kf6
59. Kb5 Ke7 60. a5 Nf5 61. a6 Nd6+ 62. Kc6 Nc8 63. Ng6+ Kd8 64. Nf4 Ke7 65. Kb7
Nd6+ 66. Kb8 Kf6 67. a7 Ke5 68. Nxh5 Nf5 69. a8=Q Nxh4 70. Qa5+ Kd4 71. Qa4+
Kc3 72. Qxh4 Kd3 73. Qh2 Kc3 74. Qe2 Kb3 75. Nf4 Kb4 76. Qc2 Ka5 77. Qb2 Ka6
78. Qb1 Ka5 79. Nd5 Ka6 80. Qb6# {twixer checkmated} 1-0

[Event "ICS rated bullet match"]
[Site "204.178.125.65"]
[Date "2000.11.22"]
[Round "?"]
[White "twixer"]
[Black "Hossa"]
[Result "1-0"]
[WhiteElo "2651"]
[BlackElo "2572"]
[PlyCount "129"]
[EventDate "2000.??.??"]

1. e4 c5 2. Nf3 g6 3. Nc3 Nc6 4. d4 cxd4 5. Nxd4 Bg7 6. Be3 Qa5 7. Bb5 a6 8.
Bxc6 bxc6 9. O-O Nf6 10. f4 Qb4 11. Rb1 c5 12. e5 Ng4 13. Qxg4 cxd4 14. a3 Qc5
15. Qf3 Rb8 16. Bf2 Bb7 17. Qg4 f5 18. exf6 Bxf6 19. Rfd1 Bg7 20. Ne2 Qxc2 21.
Nxd4 Bxd4 22. Bxd4 O-O 23. Be3 Qe4 24. Qg3 Bc6 25. b4 a5 26. Rbc1 axb4 27. Rd4
Qe6 28. axb4 Qb3 29. f5 Rxb4 30. Rxb4 Qxb4 31. fxg6 h5 32. Bh6 Qb6+ 33. Kh1 Qb2
34. h3 Rf2 35. Rg1 d6 36. Qe3 Rf6 37. Qxe7 Rxg6 38. Qd8+ Kh7 39. Bg5 Qc3 40.
Kh2 Qe5+ 41. Kh1 Qxg5 42. Qc7+ Kh6 43. Qxc6 Qg3 44. Rf1 Qe3 45. Qc8 Qe5 46.
Qf8+ Qg7 47. Qf4+ Kh7 48. Qe4 Qa7 49. Rf5 Qa1+ 50. Kh2 Kh6 51. Qe3+ Kg7 52.
Rxh5 Kf6 53. Qf3+ Kg7 54. Qb7+ Kf6 55. Qb8 Ke7 56. Rh7+ Ke6 57. Qe8+ Kd5 58.
Rh5+ Kc4 59. Qxg6 Qd4 60. Qc2+ Kb4 61. g3 Qe3 62. Rh7 Ka3 63. Rb7 Qb6 64. Rxb6
d5 65. Qb3# {Hossa checkmated} 1-0

[Event "ICS rated blitz match"]
[Site "204.178.125.65"]
[Date "2000.11.22"]
[Round "?"]
[White "Hossa"]
[Black "LOGISTIC"]
[Result "1-0"]
[WhiteElo "2506"]
[BlackElo "1947"]
[PlyCount "68"]
[EventDate "2000.??.??"]

1. e4 c6 2. d4 d5 3. e5 Bf5 4. Nf3 e6 5. Be2 Nd7 6. O-O Qc7 7. Nh4 Bg6 8. Nxg6
hxg6 9. Bf4 Ne7 10. c3 Nf5 11. Nd2 f6 12. Re1 g5 13. Bh5+ Kd8 14. g4 gxf4 15.
gxf5 fxe5 16. fxe6 Nf6 17. Rxe5 g6 18. Bxg6 Qg7 19. Rg5 Qh6 20. Rg2 Rg8 21. Qc2
Be7 22. Qf5 Kc7 23. Nf3 Raf8 24. Ne5 Ne4 25. Nf7 Qh4 26. Qe5+ Kb6 27. Qh5 Qxh5
28. Bxh5 Rxg2+ 29. Kxg2 Rg8+ 30. Kf1 Bh4 31. Ne5 Bxf2 32. e7 Rg1+ 33. Ke2 Rxa1
34. e8=Q Re1+ {LOGISTIC resigns} 1-0

[Event "ICS rated blitz match"]
[Site "204.178.125.65"]
[Date "2000.11.22"]
[Round "?"]
[White "DrHugoELO"]
[Black "Hossa"]
[Result "0-1"]
[WhiteElo "1941"]
[BlackElo "2507"]
[PlyCount "74"]
[EventDate "2000.??.??"]

1. d4 Nf6 2. Nc3 d5 3. Bg5 Nc6 4. Bxf6 exf6 5. e3 Be6 6. Bd3 Nb4 7. Nge2 c6 8.
Ng3 Nxd3+ 9. Qxd3 g6 10. h4 Bb4 11. a3 Bd6 12. Nce2 O-O 13. h5 Qe7 14. hxg6
fxg6 15. O-O Bg4 16. Rfe1 f5 17. Nf1 Qh4 18. Neg3 f4 19. exf4 Rxf4 20. c4 Raf8
21. f3 Bxf3 22. gxf3 Rxd4 23. Qe3 Bxg3 24. Kg2 Bxe1 25. Rxe1 Rxc4 26. Qe6+ Rf7
27. Qc8+ Kg7 28. Qe6 Qg5+ 29. Ng3 Qd2+ 30. Re2 Qf4 31. Qe5+ Qxe5 32. Rxe5 Rc2+
33. Re2 Rxe2+ 34. Nxe2 Re7 35. Nd4 Kf6 36. b4 Re3 37. a4 Ke5 {DrHugoELO resigns
} 0-1

[Event "ICS rated blitz match"]
[Site "204.178.125.65"]
[Date "2000.11.22"]
[Round "?"]
[White "Hossa"]
[Black "DrHugoELO"]
[Result "1-0"]
[WhiteElo "2508"]
[BlackElo "1940"]
[PlyCount "77"]
[EventDate "2000.??.??"]

1. e4 c6 2. d4 d5 3. e5 g6 4. Nf3 Bg7 5. Be2 Nh6 6. O-O O-O 7. Bf4 f6 8. exf6
exf6 9. c4 Nf7 10. Nc3 Be6 11. Qb3 b6 12. cxd5 cxd5 13. Bb5 Nd6 14. Rfe1 Bf7
15. Bd3 Nb7 16. Nb5 Nc6 17. Rac1 Nba5 18. Qa4 Qd7 19. Nc7 Rac8 20. Bb5 Rxc7 21.
Bxc7 Qxc7 22. Bxc6 Nxc6 23. Qxc6 Qxc6 24. Rxc6 g5 25. Re7 g4 26. Nh4 Re8 27.
Rxe8+ Bxe8 28. Rc8 Kf7 29. Rc7+ Kg8 30. Rxa7 Bh6 31. Nf5 Bc1 32. Ra8 Kf8 33.
Nd6 Bxb2 34. Rxe8+ Kg7 35. Rd8 Kg6 36. Rg8+ Kh6 37. h3 gxh3 38. Nf5+ Kh5 39.
g4# {DrHugoELO checkmated} 1-0

[Event "ICS rated blitz match"]
[Site "204.178.125.65"]
[Date "2000.11.22"]
[Round "?"]
[White "DrHugoELO"]
[Black "Hossa"]
[Result "0-1"]
[WhiteElo "1939"]
[BlackElo "2509"]
[PlyCount "70"]
[EventDate "2000.??.??"]

1. d4 Nf6 2. Nc3 d5 3. Bg5 Nc6 4. Bxf6 exf6 5. e3 Be6 6. a3 a6 7. Bd3 Bd6 8.
Nge2 O-O 9. Ng3 g6 10. Qf3 f5 11. O-O-O b5 12. h4 f4 13. Nge2 b4 14. axb4 fxe3
15. fxe3 Nxb4 16. h5 Nxd3+ 17. Rxd3 c6 18. e4 Rb8 19. e5 Be7 20. hxg6 fxg6 21.
Qg3 Bg5+ 22. Kb1 Bf5 23. Rf3 h6 24. Na4 Qa5 25. Nec3 Rb4 26. e6 Rxa4 27. Nxa4
Qxa4 28. Rxf5 Rxf5 29. e7 Kf7 30. Re1 Bxe7 31. Qc7 Qb4 32. c3 Qd6 33. Qb6 Qg3
34. Re2 Qd3+ 35. Rc2 Rf2 {DrHugoELO resigns} 0-1

[Event "ICS rated blitz match"]
[Site "204.178.125.65"]
[Date "2000.11.22"]
[Round "?"]
[White "Hossa"]
[Black "DrHugoELO"]
[Result "1-0"]
[WhiteElo "2510"]
[BlackElo "1938"]
[PlyCount "55"]
[EventDate "2000.??.??"]

1. d4 c5 2. e4 Nf6 3. e5 Nd5 4. dxc5 Qa5+ 5. Bd2 Qxc5 6. Nf3 e6 7. c4 Nb6 8. b4
Qc7 9. c5 Nd5 10. Na3 a6 11. Nc4 b6 12. Nd6+ Bxd6 13. cxd6 Qd8 14. Bd3 Bb7 15.
O-O Nc6 16. b5 axb5 17. Bxb5 f5 18. Qe2 O-O 19. Rfc1 Rc8 20. a3 Na5 21. Rxc8
Qxc8 22. Rc1 Qa8 23. Bxd7 Bc8 24. Rxc8 Rxc8 25. Bxe6+ Kh8 26. Bxc8 Qxc8 27. Qd3
Qc4 28. d7 {DrHugoELO resigns} 1-0

[Event "ICS rated blitz match"]
[Site "204.178.125.65"]
[Date "2000.11.22"]
[Round "?"]
[White "Dizzark"]
[Black "Hossa"]
[Result "0-1"]
[WhiteElo "1957"]
[BlackElo "2511"]
[PlyCount "23"]
[EventDate "2000.??.??"]

1. e4 d5 2. exd5 Qxd5 3. Nc3 Qa5 4. d4 Nf6 5. Bg5 Qxg5 6. Nf3 Qa5 7. Bb5+ c6 8.
Bc4 e6 9. O-O Ba3 10. Rb1 Bxb2 11. Rxb2 Qxc3 12. Ne5 {Dizzark resigns} 0-1

[Event "ICS Rated standard match"]
[Site "204.178.125.65"]
[Date "2000.11.22"]
[Round "?"]
[White "Hossa"]
[Black "Valg"]
[Result "0-1"]
[WhiteElo "2242"]
[BlackElo "2338"]
[PlyCount "100"]
[EventDate "2000.??.??"]

1. d4 Nf6 2. c4 e6 3. Nf3 b6 4. g3 Ba6 5. b3 Bb4+ 6. Bd2 Be7 7. Bg2 c6 8. Bc3
d5 9. Nbd2 Nbd7 10. a3 O-O 11. O-O c5 12. Ne5 Rc8 13. dxc5 Rxc5 14. Nd3 Rc7 15.
Rc1 dxc4 16. bxc4 Bb7 17. Bxb7 Rxb7 18. a4 Nc5 19. Bxf6 Bxf6 20. Nxc5 bxc5 21.
Ne4 Be7 22. Qc2 f5 23. Nd2 Qd7 24. Rb1 Rb4 25. Rxb4 cxb4 26. Nf3 Rd8 27. Rc1
Bf6 28. Qb3 a5 29. c5 Qc6 30. Rc4 Bc3 31. Ng5 Re8 32. h4 h6 33. Nh3 Rd8 34. Nf4
Rd2 35. Kh2 g5 36. hxg5 hxg5 37. Rxc3 gxf4 38. Rc2 Rd1 39. f3 Qe8 40. gxf4 Qh5+
41. Kg2 Qg6+ 42. Kh2 Rd7 43. Qxe6+ Qxe6 44. e4 Qh6+ 45. Kg2 Qg6+ 46. Kf2 Rd1
47. Ke2 Qg1 48. Rd2 Qe1+ 49. Kd3 Qxd2+ 50. Kc4 Qd3# {Hossa checkmated} 0-1

[Event "ICS rated blitz match"]
[Site "204.178.125.65"]
[Date "2000.11.22"]
[Round "?"]
[White "Hossa"]
[Black "Valg"]
[Result "0-1"]
[WhiteElo "2512"]
[BlackElo "2531"]
[PlyCount "84"]
[EventDate "2000.??.??"]

1. e4 e5 2. Bc4 Nf6 3. d3 Nc6 4. Nc3 Bb4 5. Nge2 d5 6. exd5 Nxd5 7. Bxd5 Qxd5
8. O-O Qd8 9. f4 exf4 10. Bxf4 O-O 11. Nb5 Ba5 12. c3 Re8 13. Ng3 Bb6+ 14. d4
Be6 15. a4 a6 16. Na3 Qd7 17. Ne4 Bg4 18. Qd3 Bf5 19. Rae1 Qd5 20. Nf6+ gxf6
21. Qg3+ Kh8 22. Qh4 Rg8 23. Qxf6+ Rg7 24. Rf2 Nxd4 25. Bh6 Ne6 26. Bxg7+ Nxg7
27. Ref1 Re8 28. h3 Re6 29. Qh4 Bd3 30. c4 Qd6 31. c5 Bxc5 32. Kh1 Bxf1 33.
Rxf1 Nf5 34. Rxf5 Qd1+ 35. Kh2 Qg1+ 36. Kg3 Qe1+ 37. Kg4 Qe4+ 38. Kg3 Bd6+ 39.
Qf4 Rg6+ 40. Kh4 Bxf4 41. Rxf7 Bg3+ 42. Kh5 Qh4# {Hossa checkmated} 0-1

[Event "ICS rated blitz match"]
[Site "204.178.125.65"]
[Date "2000.11.22"]
[Round "?"]
[White "Valg"]
[Black "Hossa"]
[Result "1/2-1/2"]
[WhiteElo "2535"]
[BlackElo "2497"]
[PlyCount "102"]
[EventDate "2000.??.??"]

1. e4 d5 2. exd5 Qxd5 3. Nc3 Qa5 4. d4 Nf6 5. Nf3 c6 6. Bc4 Bf5 7. Bd2 Qd8 8.
O-O e6 9. Bg5 Bg4 10. Be2 h6 11. Bf4 Nbd7 12. Re1 Bb4 13. Qc1 Qa5 14. Bd2 O-O-O
15. a3 Bxc3 16. Bxc3 Qc7 17. Bd2 Nb6 18. Bf4 Qe7 19. Rd1 Nh5 20. Bd2 Nf6 21.
Ba5 Qc7 22. c4 c5 23. b4 e5 24. dxc5 e4 25. Nd4 Rxd4 26. Rxd4 Bxe2 27. h3 Bd3
28. Qe1 Re8 29. Qd1 g5 30. Rd6 Qe7 31. Rxd3 exd3 32. cxb6 axb6 33. Bxb6 Nd7 34.
Be3 Qe4 35. c5 Ne5 36. Qa4 Ng6 37. g3 f5 38. Rc1 Re6 39. Qa8+ Kd7 40. Qa7 Qc6
41. Rc4 Ne5 42. Rd4+ Ke7 43. b5 Nf3+ 44. Kh1 Qxb5 45. Rb4 d2 46. Rxb5 d1=Q+ 47.
Kg2 Ne1+ 48. Kg1 Nf3+ 49. Kg2 Ne1+ 50. Kg1 Nf3+ 51. Kg2 Ne1+ {
Game drawn by repetition} 1/2-1/2

[Event "ICS rated blitz match"]
[Site "204.178.125.65"]
[Date "2000.11.22"]
[Round "?"]
[White "Hossa"]
[Black "Valg"]
[Result "0-1"]
[WhiteElo "2501"]
[BlackElo "2531"]
[PlyCount "162"]
[EventDate "2000.??.??"]

1. d4 Nf6 2. c4 e6 3. Nf3 b6 4. g3 Ba6 5. b3 Bb4+ 6. Bd2 Be7 7. Bg2 c6 8. O-O
d5 9. Ne5 Nfd7 10. Nxd7 Nxd7 11. Bc3 O-O 12. Nd2 Rc8 13. Re1 f5 14. a3 dxc4 15.
bxc4 Bf6 16. Qc2 c5 17. d5 exd5 18. Bxd5+ Kh8 19. Rad1 Bxc3 20. Qxc3 Re8 21.
Qc2 Qg5 22. Nf3 Qf6 23. a4 Rcd8 24. e3 Bc8 25. Rf1 Nb8 26. Rd3 Na6 27. Qc3 Qxc3
28. Rxc3 Nb4 29. Bf7 Re7 30. Bd5 Nxd5 31. cxd5 Rxd5 32. h3 Bd7 33. Ra1 h6 34.
h4 Kg8 35. Rc2 Re4 36. Rca2 Kf7 37. Ra3 Rb4 38. R3a2 c4 39. a5 b5 40. Rc2 Rb3
41. Nd4 Rd3 42. a6 g5 43. hxg5 hxg5 44. Kg2 f4 45. gxf4 gxf4 46. Re1 Ra3 47.
Nf3 fxe3 48. Rxe3 Rxa6 49. Ne5+ Kf6 50. f4 Bf5 51. Rc1 Ra2+ 52. Kf3 Rdd2 53.
Ree1 a5 54. Ke3 a4 55. Rc3 Rdc2 56. Rxc2 Rxc2 57. Rh1 a3 58. Rh6+ Kg7 59. Rb6
a2 60. Rb7+ Kf6 61. Rf7+ Ke6 62. Ra7 Kd5 63. Ra5 Kc5 64. Ra6 Rb2 65. Ra8 c3 66.
Nd3+ Bxd3 67. Kxd3 b4 68. f5 Rd2+ 69. Ke3 b3 70. f6 Rd7 71. Ra5+ Kb4 72. Ra8 c2
73. Rc8 a1=Q 74. Ke4 Qd4+ 75. Kf5 Rd5+ 76. Ke6 Re5+ 77. Kf7 Qd7+ 78. Kg6 Qxc8
79. Kg7 Rg5+ 80. Kf7 c1=Q 81. Ke7 Q1c7# {Hossa checkmated} 0-1